[Event "FICGS class A 000210 email"]
[Site "FICGS email"]
[Date "2019.04.30"]
[Round "1"]
[White "Rita, Giacomo"]
[Black "De la Foret, Fred"]
[Result "1-0"]
[WhiteElo "2020"]
[BlackElo "2142"]
[PlyCount "21"]
[EventDate "2019.??.??"]
[EventType "tourn (corr)"]
[EventRounds "6"]
[SourceTitle "Corr 2022"]
[Source "ChessBase"]
[SourceDate "2021.10.24"]
[SourceVersion "1"]
[SourceVersionDate "2021.10.24"]
[SourceQuality "1"]

1. e4 c5 2. Nf3 d6 3. d4 cxd4 4. Nxd4 g6 5. c4 Bg7 6. Nc3 Nf6 7. Be2 0-0 8. Be3 Nc6 9. 0-0 a6 10. f3 Nxd4 11. Bxd4 1-0

[Event "FICGS class C 000304 email"]
[Site "FICGS email"]
[Date "2019.04.27"]
[Round "1"]
[White "Slawomir, Weglicki"]
[Black "De la Foret, Fred"]
[Result "1-0"]
[WhiteElo "1874"]
[BlackElo "2142"]
[PlyCount "21"]
[EventDate "2019.??.??"]
[EventType "tourn (corr)"]
[EventRounds "1"]
[SourceTitle "Corr 2022"]
[Source "ChessBase"]
[SourceDate "2021.10.24"]
[SourceVersion "1"]
[SourceVersionDate "2021.10.24"]
[SourceQuality "1"]

1. e4 c5 2. Nf3 d6 3. d4 cxd4 4. Nxd4 Nf6 5. Nc3 a6 6. Be3 e5 7. Nb3 Be7 8. Be2 Be6 9. Qd3 Nbd7 10. Nd5 0-0 11. 0-0 1-0

[Event "FICGS rapid M 000104 email"]
[Site "FICGS email"]
[Date "2019.04.21"]
[Round "1"]
[White "Cirulis, Ilmars"]
[Black "De la Foret, Fred"]
[Result "1-0"]
[WhiteElo "2188"]
[BlackElo "2142"]
[PlyCount "27"]
[EventDate "2019.??.??"]
[EventType "tourn (rapid)"]
[EventRounds "6"]
[SourceTitle "Corr 2022"]
[Source "ChessBase"]
[SourceDate "2021.10.24"]
[SourceVersion "1"]
[SourceVersionDate "2021.10.24"]
[SourceQuality "1"]

1. c4 e5 2. g3 Nf6 3. Bg2 d5 4. cxd5 Nxd5 5. Nc3 Nxc3 6. bxc3 c5 7. Qa4+ Bd7 8. Qb3 Nc6 9. Bd5 Qf6 10. Qxb7 Rb8 11. Qa6 Be7 12. Nf3 0-0 13. Be4 Rfd8 14. Rb1 1-0

[Event "FICGS rapid A 000236 email"]
[Site "FICGS email"]
[Date "2019.04.16"]
[Round "1"]
[White "De la Foret, Fred"]
[Black "Denegri, German"]
[Result "0-1"]
[WhiteElo "2142"]
[BlackElo "1917"]
[PlyCount "24"]
[EventDate "2019.??.??"]
[EventType "tourn (rapid)"]
[EventRounds "6"]
[SourceTitle "Corr 2022"]
[Source "ChessBase"]
[SourceDate "2021.10.24"]
[SourceVersion "1"]
[SourceVersionDate "2021.10.24"]
[SourceQuality "1"]

1. d4 e6 2. c4 f5 3. g3 Nf6 4. Bg2 d5 5. Nf3 c6 6. 0-0 Bd6 7. Qc2 0-0 8. Nc3 Ne4 9. Be3 Nd7 10. Rac1 Qe7 11. a3 f4 12. gxf4 Nxc3 0-1

[Event "FICGS class A 000208 email"]
[Site "FICGS email"]
[Date "2019.03.13"]
[Round "1"]
[White "Cleto, Dirceu Jr"]
[Black "De la Foret, Fred"]
[Result "1-0"]
[WhiteElo "2226"]
[BlackElo "2142"]
[PlyCount "39"]
[EventDate "2019.??.??"]
[EventType "tourn (corr)"]
[EventRounds "6"]
[SourceTitle "Corr 2022"]
[Source "ChessBase"]
[SourceDate "2021.10.24"]
[SourceVersion "1"]
[SourceVersionDate "2021.10.24"]
[SourceQuality "1"]

1. e4 c5 2. Nf3 d6 3. d4 cxd4 4. Nxd4 Nf6 5. Nc3 a6 6. Bg5 e6 7. f4 Be7 8. Qf3 h6 9. Bh4 0-0 10. 0-0-0 Bd7 11. g4 Nc6 12. Nb3 b5 13. Bxf6 Bxf6 14. h4 b4 15. Ne2 Bxh4 16. Qh3 Be7 17. g5 a5 18. Qg3 a4 19. Nd2 Qc7 20. Rxh6 1-0

[Event "FICGS rapid B 000309 email"]
[Site "FICGS email"]
[Date "2019.01.22"]
[Round "1"]
[White "Trigance, Emile"]
[Black "De la Foret, Fred"]
[Result "1-0"]
[WhiteElo "1764"]
[BlackElo "2093"]
[PlyCount "25"]
[EventDate "2019.??.??"]
[EventType "tourn (rapid)"]
[EventRounds "6"]
[SourceTitle "Corr 2022"]
[Source "ChessBase"]
[SourceDate "2021.10.24"]
[SourceVersion "1"]
[SourceVersionDate "2021.10.24"]
[SourceQuality "1"]

1. d4 Nf6 2. Nc3 d5 3. Bg5 Nbd7 4. f3 c6 5. e4 dxe4 6. fxe4 e5 7. dxe5 Qa5 8. Bxf6 gxf6 9. e6 Ne5 10. exf7+ Kxf7 11. Qd2 Bg4 12. Be2 Rd8 13. Qe3 1-0

[Event "FICGS rapid A 000230 email"]
[Site "FICGS email"]
[Date "2019.01.12"]
[Round "1"]
[White "Rossi, Marzio"]
[Black "De la Foret, Fred"]
[Result "1-0"]
[WhiteElo "1986"]
[BlackElo "2093"]
[PlyCount "33"]
[EventDate "2019.??.??"]
[EventType "tourn (rapid)"]
[EventRounds "6"]
[SourceTitle "Corr 2022"]
[Source "ChessBase"]
[SourceDate "2021.10.24"]
[SourceVersion "1"]
[SourceVersionDate "2021.10.24"]
[SourceQuality "1"]

1. d4 Nf6 2. c4 e6 3. g3 Be7 4. Bg2 d5 5. Nf3 0-0 6. 0-0 dxc4 7. Ne5 Nc6 8. Nxc6 bxc6 9. Na3 Bxa3 10. bxa3 Ba6 11. Qd2 Rb8 12. Qa5 Qc8 13. a4 Rd8 14. Ba3 Rxd4 15. Bc5 Rd5 16. Rfb1 Ra8 17. e4 1-0

[Event "FICGS W-ch st1 g06 email"]
[Site "FICGS email"]
[Date "2018.11.01"]
[Round "1"]
[White "Brotherton, Trevor S"]
[Black "De la Foret, Fred"]
[Result "1-0"]
[WhiteElo "1905"]
[BlackElo "2040"]
[PlyCount "67"]
[EventDate "2018.??.??"]
[EventType "tourn (corr)"]
[EventRounds "8"]
[SourceTitle "Corr 2022"]
[Source "ChessBase"]
[SourceDate "2021.10.24"]
[SourceVersion "1"]
[SourceVersionDate "2021.10.24"]
[SourceQuality "1"]

1. f4 d5 2. Nf3 Nf6 3. g3 g6 4. Bg2 Bg7 5. 0-0 Nc6 6. e3 0-0 7. d4 Bf5 8. c3 a5 9. a4 e6 10. Qe2 Ne7 11. b3 Rc8 12. Ba3 Re8 13. Nbd2 Bg4 14. Qf2 Bf5 15. Ne5 b6 16. Qe2 c5 17. Rac1 h5 18. h3 Be4 19. g4 Bxg2 20. Qxg2 Rc7 21. Bb2 Nc6 22. Rcd1 Qd6 23. Qg3 Rd8 24. Rf2 Qe7 25. Rg2 Rdc8 26. Rf1 hxg4 27. hxg4 Nxe5 28. fxe5 Nh7 29. Rh2 Ng5 30. Nf3 Ne4 31. Qh3 Kf8 32. Qh7 Ng5 33. Nxg5 Qxg5 34. Qh3 1-0

[Event "FICGS class C 000289 email"]
[Site "FICGS email"]
[Date "2018.10.26"]
[Round "1"]
[White "De la Foret, Fred"]
[Black "Ortiz, Jose"]
[Result "0-1"]
[WhiteElo "2027"]
[BlackElo "1900"]
[PlyCount "32"]
[EventDate "2018.??.??"]
[EventType "tourn (corr)"]
[EventRounds "1"]
[SourceTitle "Corr 2022"]
[Source "ChessBase"]
[SourceDate "2021.10.24"]
[SourceVersion "1"]
[SourceVersionDate "2021.10.24"]
[SourceQuality "1"]

1. e4 e5 2. Nf3 d6 3. d4 Nc6 4. Bc4 Nf6 5. Nc3 a6 6. Ng5 Be6 7. d5 Bg4 8. f3 Bd7 9. dxc6 Bxc6 10. Nxf7 Qd7 11. Nxh8 0-0-0 12. Nf7 Re8 13. a4 d5 14. Nxd5 Qxf7 15. Nb6+ Kb8 16. Bxf7 Bd6 0-1